000 01644nam a2200385 c 4500
003 BLK
005 20191206173056.0
008 180410b bul|||||r ||||||| ||bul||
010 _aKNG00165842000
020 _a978-954-01-2562-6
_bиздат.: Просвета
040 _aBLK
041 _aBUL
_cBUL
072 7 _2bullib
_aН372
_xУчебни предмети. Учебници Н
080 _aБиологични науки
_b57
_x(079)(075.3)
_z57(079)(075.3)
100 1 _aТомова, Снежана Борисова
_eпърви автор
_9363681
700 1 _aПетрова, Венета Георгиева
_eсъавт.
_9334257
139 _aТомова, Снежана Борисова и др.
_bТ 70
245 1 0 _a[Сто] 100 % успех! Матура по биология и здравно образование
_cСнежана Борисова Томова; съавт. Венета Георгиева Петрова.
257 _aBGR
260 София
_bПросвета
_c2011
_fСофия : Лито Балкан
300 _a151 с.
_bс ил., табл.
_c24 см
380 _a5
650 4 _aБиология - тестове - учебни помагала
_9241798
650 4 _aБиология - учебници за средни училища
_9247367
653 _aбиология
653 _aтестове
653 _aматури
653 _aзрелостни изпити
659 _aН
852 _aЦб 271156
856 4 _qpdf
_u
856 4 _qpdf
_u
942 _cKNG
_n0
_05
944 _aCR
_c08.10.2014
_lф /
_kПенка_Димитрова
944 _aED
_c06.04.2015
_lф /
_kЛюдмила_Стоянова
999 _c158784
_d158784